Jagatseṭhera kāhinī. (Record no. 71002)

MARC details
000 -LEADER
fixed length control field 00465cam a22001931 4500
001 - CONTROL NUMBER
control field sa 66007202
003 - CONTROL NUMBER IDENTIFIER
control field DLC
005 - DATE AND TIME OF LATEST TRANSACTION
control field 20260227112302.0
008 - FIXED-LENGTH DATA ELEMENTS--GENERAL INFORMATION
fixed length control field 881028s1965 xx 000 0 beno
010 ## - LIBRARY OF CONGRESS CONTROL NUMBER
LC control number sa 66007202
035 ## - SYSTEM CONTROL NUMBER
System control number (OCoLC)23554180
040 ## - CATALOGING SOURCE
Original cataloging agency DLC
Transcribing agency MiU
Modifying agency DLC
042 ## - AUTHENTICATION CODE
Authentication code premarc
050 00 - LIBRARY OF CONGRESS CALL NUMBER
Classification number PK1718.K29
Item number J3 1965
100 0# - MAIN ENTRY--PERSONAL NAME
Personal name Kanishka,
Dates associated with a name 1925-
245 10 - TITLE STATEMENT
Title Jagatseṭhera kāhinī.
260 ## - PUBLICATION, DISTRIBUTION, ETC.
Date of publication, distribution, etc. [1965]
300 ## - PHYSICAL DESCRIPTION
Extent 307, 11, 27 p.
Dimensions 22 cm.

No items available.

Powered by Koha